00728nam a22001817a 4500003000900000008004100009040007100050082001800121100002600139245010300165260003100268300006900299505011400368650001400482650001600496650001300512700002100525AR-CdUCM190417b ||||| |||| 00| 0 spa d aMUNICIPALIDAD PROVINCIAL DEL CUSCOcBIBLIOTECA MUNICIPAL DEL CUSCO a711.40 /bT93 aTunnanrd, Christopher aSilueta urbana de norteamérica :bEl crecimiento y la forma de nuestras ciudades y poblaciones / aMéxico :bNovaro,c1964. a379 páginas ;c16 cm.bIlustraciones, laminas y fotografías, aContenido : El templo y la ciudad -- El modelo colonial. 1607 - 1776 -- La joven república. 1776 - 1825 ... aUrbanismo aCrecimiento aHistoria aHope Reed, Henry